Classement perpétuel de l'Euro - Statistiques

Statistiques générales
  • Ce quiz a été pris 467 fois
    207 depuis la dernière actualisation
  • Le résultat moyen est 34 sur 39
Statistiques - réponses
Place
Matchs Victoires Nuls Défaites Points Réponse % Correct
1er 58 30 14 14 104 Allemagne
99%
2ème 53 28 15 10 99 Espagne
99%
4ème 49 23 15 11 84 France
99%
3ème 49 22 19 8 85 Italie
99%
6ème 44 21 12 11 75 Portugal
98%
7ème 45 18 16 11 70 Angleterre
97%
5ème 45 23 9 13 68 Pays-Bas
97%
9ème 26 12 3 11 39 Belgique
96%
12ème 24 7 7 10 28 Suède
96%
13ème 23 5 11 7 26 Suisse
96%
16ème 20 6 3 11 21 Russie
94%
29ème 10 2 2 6 8 Irlande
93%
31ème 3 1 1 1 4 Norvège
93%
10ème 37 10 9 18 36 Danemark
92%
11ème 25 9 8 8 35 Croatie
91%
17ème 16 5 3 8 18 Grèce
91%
30ème 7 0 6 1 6 Slovénie
90%
36ème 3 0 0 2 3 Finlande
89%
20ème 17 2 8 7 14 Pologne
89%
19ème 14 4 2 8 14 Autriche
88%
21ème 14 3 4 7 13 Hongrie
88%
24ème 20 2 6 12 12 Roumanie
88%
25ème 11 3 2 6 11 Slovaquie
88%
15ème 23 7 2 14 23 Turquie
88%
37ème 3 0 2 1 3 Serbie
87%
22ème 11 4 1 9 13 Ukraine
87%
8ème 32 12 5 15 41 République Tchèque
85%
27ème 12 2 3 7 9 Ecosse
83%
28ème 5 2 2 1 8 Islande
82%
18ème 10 5 1 4 16 Pays de Galles
80%
33ème 6 1 1 4 4 Albanie
79%
34ème 6 1 1 4 4 Bulgarie
79%
39ème 3 0 0 3 0 Macédoine du Nord
72%
26ème 14 3 2 9 11 Yougoslavie
70%
38ème 3 0 1 2 1 Lettonie
68%
14ème 13 7 2 4 23 URSS
67%
32ème 4 1 1 2 4 Géorgie
64%
35ème 4 1 0 3 3 Irlande du Nord
63%
23ème 8 3 3 2 12 Tchécoslovaquie
53%
Aucun quiz correspondant
Distribution des résultats
% des personnes avec chaque résultat
Percentile par nombre de réponses
Votre historique - résultats
Vous n’avez pas pris ce quiz depuis la dernière actualisation